000 00506nam a22001817a 4500
999 _c264628
_d264627
003 OSt
005 20241018141214.0
008 241018b xxu||||| |||| 00| 0 eng d
010 _a 2012048715
020 _a9780399162459 (hardback)
040 _cDLC
050 _aPZ7
_b.M5163 2013
100 _a Meloy, Maile.
245 _aThe apprentices
260 _aNew York :
_b G. P. Putnam's Sons, an imprint of Penguin Group (USA) Inc.,
_c [2013]
300 _a 407 pages ;
_b|c 22 cm
942 _2lcc
_cBK